000 01753ngm a22003730a 4500
001 PT26221
003 AR-LpoUNG
005 20210202000406.0
007 vd cvaizq
008 191001s2006||||ag |||||||||||||||||spa d
040 _aAR-LpoUNG
_bspa
_cAR-LpoUNG
_eaacr
041 _aspa
044 _aag
082 0 _a304.809 186c5-6
100 1 _aCampanella, Juan José
_edir.
245 1 0 _aVientos de agua :
_bcapítulos 5 y 6
260 _aBuenos Aires :
_bTelecinco - 100 Bares,
_c2006.
300 _aDVD (140 min.) : son., col.
520 _aCapítulo 5: 1939: la guerra civil española está llegando a su fin y la situación de los republicanos en ella está comprometida. En Argentina es fuerte la repercusión de lo que sucede en España y los pro-republicanos y los pro-franquistas se enfrentan cotidianamente. Crece la atracción entre Juliusz y Gemma, mientras Andrés y Clara comienzan a tener problemas. 2002: la distancia y la separación de la familia comienzan a hacerse sentir en el comportamiento de Ernesto, que consigue un empleo como albañil. Capítulo 6: 1941: el acercamiento entre Juliusz y Gemma se fortalece. Andrés conoce a Sophie, una mujer francesa judía que causará un profundo impacto en él al mismo tiempo que el pasado vuelve a recordarle sus promesas. 2002: a Ernesto le roban todos sus ahorros y se empeña en recuperar lo perdido a cualquier costo.
650 4 _aARGENTINA
650 4 _aASPECTOS POLITICOS
650 4 _aESPAÑA
650 4 _aHISTORIA SOCIAL
650 4 _aINMIGRACION
650 4 _aINMIGRANTES
650 4 _aMIGRACION
650 4 _aMIGRANTES
651 4 _aArgentina
653 _aCINE ARGENTINO
653 _aDVD
653 _aVIDEOS
905 _a26221
942 _cDVD
999 _c54768
_d54768